000 00340nam a22001577a 4500
003 SGT
020 _a9788131265994
082 _a612
_bM22P
100 _aPAL, G.K.
245 _aTB. OF MEDICAL PHYSIOLOGY
250 _a4TH
260 _aINDIA
_bELSEVIER PUB
_c2022
300 _a1065
650 _aHUMAN PHYSIOLOGY
942 _2ddc
_cBK
_063
999 _c22528
_d22528